University Home | Library Home | Institutional Repository

Practical guide to diagnostic parasitology/ (Record no. 50189)

MARC details
000 -LEADER
fixed length control field 00558cas a2200169 4500
008 - FIXED-LENGTH DATA ELEMENTS--GENERAL INFORMATION
fixed length control field 151111n eng u
020 ## - INTERNATIONAL STANDARD BOOK NUMBER
International Standard Book Number 978155814540.
035 ## - SYSTEM CONTROL NUMBER
System control number (Sirsi) a193957
050 ## - LIBRARY OF CONGRESS CALL NUMBER
Classification number RC 255 GAR 2009.
100 ## - MAIN ENTRY--PERSONAL NAME
Personal name Garcia, Lynne Shore.
245 ## - TITLE STATEMENT
Title Practical guide to diagnostic parasitology/
Statement of responsibility, etc. Lydia Shore Garcia.
260 ## - PUBLICATION, DISTRIBUTION, ETC.
Place of publication, distribution, etc. Washington:
Name of publisher, distributor, etc. ASM Press,
Date of publication, distribution, etc. 2009.
300 ## - PHYSICAL DESCRIPTION
Extent xxii, 464p.:
Other physical details ill.
500 ## - GENERAL NOTE
General note Includes bibliographical references and index.
650 ## - SUBJECT ADDED ENTRY--TOPICAL TERM
Topical term or geographic name entry element Parasitic diseases --diagnosis.
650 ## - SUBJECT ADDED ENTRY--TOPICAL TERM
Topical term or geographic name entry element Diagnostic parasitology.

No items available.

© 2026 - The University of Zambia Library - Koha v25.11